ON AN INEQUALITY FOR ENTIRE FUNCTIONS

Bibliographic Details
Main Author: Husain, T. (Author)
Format: Article
Language:English

MARC

LEADER 00000nab a2200000uu 4500
001 vtls010892386
003 SK-MaSNL
005 20260303141957.0
008 230222|2005 xo |||||||||||||||||eng|
015 |a SNBRB 
035 |a (urnnbn)urn:nbn:sk:snk:ar-0068ri 
035 |a (uuid)4f4731aa-8b8b-456e-b76c-51e6f591c653 
035 |a urn:nbn:sk:snk-ab8ly1 
040 |a SNKBUCL  |b slo  |c SNKBUCL  |e AACR2 
041 0 |a eng 
044 |a xo  |c SK 
100 1 |a Husain, T.  |4 aut  |9 1161956 
245 1 0 |a ON AN INEQUALITY FOR ENTIRE FUNCTIONS  |c T. Husain 
773 0 |t Acta mathematica Universitatis Comenianae  |g Roč. 74, č. 1 (2005), s. 95-106 
958 |a OND 
958 |a EUIPO 
958 |a article10 
999 |c 1979939  |d 1981869